000 00435nam a2200157Ia 4500
008 240729s9999 xx 000 0 und d
022 _a2040-6231
245 0 _aTherapeutic Advances in Chronic Disease
260 _aUnited Kingdom
260 _bSAGE Publishing
650 _a Therapeutics. Pharmacology
650 _aMedicine
856 _uhttps://doaj.org/toc/1b461e08cebb4fbab57d87bd1fd0627f
942 _2ddc
942 _cDOAJEJ
999 _c67677
_d67677
945 _a1
_bMadushi Gamage
_c1
_dMadushi Gamage